000
00323 a2200157 4500
001
173902
020
_a
040
_c
Magnum
100
_a
Nisrier, Arnaldo
240
1
0
_a
O sarue astronauta
_l
por
245
1
0
_a
O sarue astronauta
362
0
_a
1899
440
1
_a
Nova Fronteira
697
_a
IJ/ANIMAIS
942
_c
BK
999
_c
173902
_d
173902